[Event "6th Hainan Danzhou GM"]
[Site "Danzhou CHN"]
[Date "2015.07.06"]
[Round "5.5"]
[White "Lu, Shanglei"]
[Black "Ni, Hua"]
[Result "0-1"]
[WhiteTitle "GM"]
[BlackTitle "GM"]
[WhiteElo "2595"]
[BlackElo "2703"]
[WhiteFideId "8603332"]
[BlackFideId "8601160"]
[EventDate "2015.07.02"]

1. e4 e5 2. Nf3 Nc6 3. c3 d5 4. Bb5 dxe4 5. Nxe5 Qd5 6. Qa4 Ne7 7. f4 exf3 8.
Nxf3 a6 9. Be2 Ng6 10. Qb3 Qxb3 11. axb3 Nf4 12. Bb5 Rb8 13. Bxc6+ bxc6 14. d4
Nd3+ 15. Kd2 Bf5 16. Ne1 Nxe1 17. Rxe1+ Kd7 18. Rf1 g6 19. Kd1 Bd6 20. h3 Rhe8
21. Nd2 Re7 22. Nc4 Bd3 23. Rf6 Rxb3 24. Nxd6 cxd6 25. Ra5 Be2+ 26. Kc2 Bc4 27.
Kd1 d5 28. Rc5 Rb6 29. b4 Bb3+ 30. Kd2 Kc7 31. b5 axb5 32. Ba3 Re8 33. Rxf7+ Kb8
34. Bc1 Ra6 35. Kd3 Ka8 36. c4 Bxc4+ 37. Kc3 Rb8 38. Bf4 b4+ 39. Kb2 Rb7 0-1